Sobre el interés legítimo en la impugnación de la maternidad / (Registro nro. 6266)
[ vista simple ]
| 000 -LEADER | |
|---|---|
| fixed length control field | 01178nab a22002057a 4500 |
| 003 - CONTROL NUMBER IDENTIFIER | |
| control field | OSt |
| 005 - DATE AND TIME OF LATEST TRANSACTION | |
| control field | 20260128022607.0 |
| 008 - FIXED-LENGTH DATA ELEMENTS--GENERAL INFORMATION | |
| fixed length control field | 190514b xxu||||| |||| 00| 0 spa d |
| 040 ## - CATALOGING SOURCE | |
| Transcribing agency | PJ |
| 100 ## - MAIN ENTRY--PERSONAL NAME | |
| 9 (RLIN) | 5064 |
| Personal name | Fernández, María José |
| 245 10 - TITLE STATEMENT | |
| Title | Sobre el interés legítimo en la impugnación de la maternidad / |
| Statement of responsibility, etc | María José Fernández |
| 300 ## - PHYSICAL DESCRIPTION | |
| Extent | p. 8-16 |
| 500 ## - GENERAL NOTE | |
| General note | Cita: TR LALEY AR/DOC/2716/2025. |
| 505 ## - FORMATTED CONTENTS NOTE | |
| Formatted contents note | Sumario: I. Plataforma fáctica.— II. Estado de familia.— III. El vínculo filial. Principios que lo rigen.— IV. La socioafectividad.— V. Acciones de estado. Impugnación de la maternidad.— VI. La caducidad de la acción.— VII. Derecho de las sucesiones. Fuentes de la vocación hereditaria.— VIII. El caso sometido a decisión.— IX. Reflexión final. |
| 505 ## - FORMATTED CONTENTS NOTE | |
| Title | Fallo comentado: CNCiv., sala E ~ 05/06/2025 ~ C., R. c. P., P. A. s/ exclusión de heredero. |
| 650 #0 - SUBJECT ADDED ENTRY--TOPICAL TERM | |
| 9 (RLIN) | 967 |
| Topical term or geographic name as entry element | DERECHO DE FAMILIA |
| 650 #0 - SUBJECT ADDED ENTRY--TOPICAL TERM | |
| 9 (RLIN) | 1057 |
| Topical term or geographic name as entry element | JURISPRUDENCIA APLICABLE |
| 773 0# - HOST ITEM ENTRY | |
| Host Biblionumber | 2844 |
| Host Itemnumber | 3222 |
| Place, publisher, and date of publication | Buenos Aires : AbeledoPerrot, 1989- |
| Title | Derecho de familia. Revista Interdisciplinaria de doctrina y jurisprudencia. Diciembre 2025-VI. |
| International Standard Book Number | 18511201 |
| 942 ## - ADDED ENTRY ELEMENTS (KOHA) | |
| Source of classification or shelving scheme | |
| Koha item type | Analítica Artículo de Revista |
No hay ítems disponibles.
